000 00609nam a2200241 a 4500
999 _c8353
_d8353
001 8353
003 BD-JhCC
005 20220804134023.0
008 180222b1993 e a|||| || | 001 0 eng d
035 _a(BD-JhCC)8353
040 _aBD-JhCC
_dBD-JhCC
041 _aeng
082 _a530
_bMUN 1993
100 _aMuncaster, Roger
245 _aA-Level Physics /
_cRoger Muncaster,
250 _a4rh ed.
260 _aEngland :
_bStanley Thornes (Publishers) Ltd,
_c1993.
300 _a926 p. :
_bill. ;
_c25 cm.
504 _aIncludes Index
650 _aPhysics
942 _2ddc
_cBK
_06